Single stage to orbit (Record no. 42707)
[ view plain ]
| 000 -LEADER | |
|---|---|
| fixed length control field | 01586nam a2200361Ia 4500 |
| 100 1# - MAIN ENTRY--AUTHOR NAME | |
| Personal name | Butrica, Andrew J. |
| 245 10 - TITLE STATEMENT | |
| Title | Single stage to orbit |
| 260 ## - PUBLICATION, DISTRIBUTION, ETC. (IMPRINT) | |
| Place of publication | Baltimore : |
| Name of publisher | Johns Hopkins University Press, |
| Year of publication | 2003. |
| 300 ## - PHYSICAL DESCRIPTION | |
| Number of Pages | xvi, 266 p. : |
| Other physical details | ill. |
| 490 1# - SERIES STATEMENT | |
| Series statement | New series in NASA history |
| 650 #0 - SUBJECT ADDED ENTRY--TOPICAL TERM | |
| Topical Term | Aerospace planes |
| Topical Term | Reusable space vehicles |
| Topical Term | Aerodynamics, Hypersonic |
| Topical Term | Research aircraft |
| 856 40 - ELECTRONIC LOCATION AND ACCESS | |
| Uniform Resource Identifier | http://site.ebrary.com/lib/rucke/Doc?id=10070243 |
No items available.
